[Event "AUTO-ADV-4807"]
[Site "http://www.queenalice.com/game.php?id=1842431"]
[Date "2024.8.25"]
[Round "1"]
[White "Daniel1962"]
[Black "altair"]
[Result "0-1"]
[WhiteElo "1755"]
[BlackElo "1885"]

1. d4 d5 2. Bf4 Nc6 3. e3 h5 4. Nf3 f6 5. Bb5 g5 6. Bxc6+ bxc6 7. c3 gxf4 8.
exf4 Ba6 9. Qa4 Bb5 10. Qc2 Qd7 11. Qg6+ Kd8 12. Nbd2 Qe6+ 13. Ne5 Rh6 14. Qc2
fxe5 15. fxe5 Qg4 16. g3 Qe2# 0-1

[Event "Challenge"]
[Site "http://www.queenalice.com/game.php?id=1842467"]
[Date "2024.8.25"]
[Round "-"]
[White "jogo"]
[Black "altair"]
[Result "1-0"]
[WhiteElo "1718"]
[BlackElo "1833"]

1. e4 e5 2. d4 f6 3. c3 a6 4. dxe5 fxe5 5. Nf3 d6 6. a4 Nf6 7. Bg5 h6 8. Bxf6
Qxf6 9. Bc4 c6 10. Qb3 b5 11. Bd3 Be6 12. Qc2 Be7 13. axb5 cxb5 14. Bxb5+ Bd7
15. Bxd7+ Nxd7 16. Nbd2 O-O 17. O-O Qg6 18. b4 Nf6 19. Nh4 Qg5 20. Ndf3 Qf4 21.
Ng6 Qg4 22. Nxe7+ Kh8 23. h3 Qh5 24. Nf5 Qf7 25. Nxd6 Qe6 26. Nf5 Qc6 27. Ne7
Qe8 28. Nd5 Nxd5 29. exd5 Rd8 30. c4 e4 31. Rfe1 Qg6 32. Qxe4 Qf6 33. Qe6 Qf4
34. Re4 Qc7 35. Nh4 Rfe8 36. Ng6+ Kh7 37. Qf5 Rxe4 38. Qxe4 Qd6 39. Ne5+ Kg8 40.
Nc6 Ra8 41. Qe6+ Qxe6 42. dxe6 Re8 43. Re1 Kf8 44. f4 Rc8 45. b5 axb5 46. cxb5
g5 47. f5 Rc7 48. f6 1-0

[Event "Challenge"]
[Site "http://www.queenalice.com/game.php?id=1842468"]
[Date "2024.8.25"]
[Round "-"]
[White "altair"]
[Black "jogo"]
[Result "0-1"]
[WhiteElo "1848"]
[BlackElo "1754"]

1. e4 e5 2. Nf3 Nf6 3. d3 Nc6 4. a3 d5 5. exd5 Qxd5 6. Nc3 Qd8 7. h3 h6 8. Be2
Be7 9. O-O O-O 10. b4 a6 11. Bb2 Be6 12. Ne4 Nxe4 13. dxe4 Qxd1 14. Raxd1 f6 15.
c4 Rad8 16. b5 axb5 17. cxb5 Rxd1 18. Rxd1 Nd4 19. Bxd4 exd4 20. Nxd4 Bd7 21. a4
Ra8 22. Nf5 Bxf5 23. exf5 Rd8 24. a5 Rxd1+ 25. Bxd1 Bb4 26. a6 bxa6 27. bxa6 Bc5
28. Kf1 Kf7 29. Ke2 Ke7 30. f3 Kd7 31. Ba4+ c6 32. Bb3 Kc7 33. Be6 Kb6 34. Bc8
Kc7 35. Bb7 Bd4 36. Kd3 Bf2 37. Kc4 Kb6 38. Kb4 Bc5+ 39. Ka4 Bf2 40. Kb4 c5+ 41.
Kc4 Bd4 42. Kd5 Be5 43. Ke6 c4 44. Kf7 c3 45. Be4 Kxa6 46. Kxg7 h5 47. Kg6 h4
48. Kh5 Bg3 49. Kg6 Be5 50. f4 Bd4 51. Kh5 Bf2 52. Kg4 Kb5 53. Kh5 Kc5 54. Kg6
Bd4 55. g3 hxg3 56. h4 g2 57. Bxg2 c2 0-1

[Event "Challenge"]
[Site "http://www.queenalice.com/game.php?id=1842655"]
[Date "2024.8.27"]
[Round "-"]
[White "jogo"]
[Black "altair"]
[Result "1-0"]
[WhiteElo "1679"]
[BlackElo "1919"]

1. e4 e5 2. d4 f6 3. dxe5 fxe5 4. Qh5+ g6 5. Qxe5+ Qe7 6. Qxh8 Nf6 7. f3 d5 8.
g4 Be6 9. g5 Nbd7 10. gxf6 Nxf6 11. Bg5 Kd7 12. Bxf6 Qb4+ 13. Bc3 Qe7 14. Qd4 b6
15. exd5 Bf5+ 16. Ne2 Rd8 17. Qa4+ Kc8 18. Qc6 Rd6 19. Qa8+ Kd7 20. Qxa7 Rxd5
21. Kf2 Qh4+ 22. Ng3 Bc5+ 23. Ke1 Qf4 24. Bd2 Re5+ 25. Be2 Qxf3 26. Qa4+ Kd6 27.
Rf1 Qd5 28. Nxf5+ gxf5 29. Nc3 Qe6 30. Bf4 1-0

[Event "Challenge"]
[Site "http://www.queenalice.com/game.php?id=1842656"]
[Date "2024.8.27"]
[Round "-"]
[White "altair"]
[Black "jogo"]
[Result "0-1"]
[WhiteElo "1812"]
[BlackElo "1739"]

1. e4 e5 2. Nf3 Nf6 3. d3 h6 4. a3 Bc5 5. h3 d5 6. Nxe5 dxe4 7. Be2 exd3 8. cxd3
Qd4 9. Nf3 Qxf2+ 10. Kd2 O-O 11. Nc3 Be3+ 12. Kc2 Bxc1 13. Rxc1 Nc6 14. Ne1 Nd4+
15. Kb1 Bf5 16. Rf1 Qe3 17. Nc2 Nxc2 18. Rxc2 Bg6 19. Nb5 c6 20. Nd6 Nd5 21.
Nxb7 Qe7 22. Nc5 Ne3 23. Qc1 Nxf1 24. Bxf1 Rab8 25. Ka1 Rb5 26. Na4 Rc8 27. g4
Qd7 28. Rc3 Qd6 29. Nc5 f5 30. Qe3 Re8 31. Qf2 fxg4 32. hxg4 Rf8 33. Qe3 Rxf1+
34. Ka2 Bf7+ 35. Nb3 a5 36. Qe2 Rf6 37. Qc2 a4 38. Rxc6 axb3+ 0-1

[Event "Challenge"]
[Site "http://www.queenalice.com/game.php?id=1842689"]
[Date "2024.8.28"]
[Round "-"]
[White "jogo"]
[Black "altair"]
[Result "1-0"]
[WhiteElo "1737"]
[BlackElo "1786"]

1. e4 e5 2. d4 Nc6 3. d5 Nce7 4. c4 d6 5. Nc3 a6 6. f4 g6 7. fxe5 dxe5 8. h3 Bg7
9. g4 Nf6 10. g5 Nd7 11. b4 c6 12. d6 Ng8 13. c5 b6 14. Bc4 bxc5 15. Qf3 f6 16.
gxf6 Bxf6 17. bxc5 Nxc5 18. Be3 Qxd6 19. Rd1 Qe7 20. Nge2 Be6 21. Bxe6 Qxe6 22.
O-O Nd7 23. Rd2 Ke7 24. Rfd1 Rd8 25. Na4 Bg7 26. Nc5 Ngf6 27. Nxe6 1-0

[Event "Challenge"]
[Site "http://www.queenalice.com/game.php?id=1842690"]
[Date "2024.8.28"]
[Round "-"]
[White "altair"]
[Black "jogo"]
[Result "0-1"]
[WhiteElo "1793"]
[BlackElo "1749"]

1. e4 e5 2. Nf3 Nf6 3. d3 d6 4. h3 h6 5. Be2 Be7 6. Nc3 O-O 7. O-O c6 8. d4 exd4
9. Nxd4 c5 10. Nf3 Nc6 11. a3 Be6 12. Rb1 a6 13. b4 cxb4 14. axb4 d5 15. exd5
Nxd5 16. Nxd5 Qxd5 17. Qxd5 Bxd5 18. c4 Be4 19. Rb3 Nxb4 20. Ba3 a5 21. Nd2 Bc2
22. Rb2 Bg6 23. Bxb4 Bxb4 24. Nf3 Rfc8 25. Ne5 Bh7 26. Nd7 Rc7 27. Nb6 Re8 28.
Nd5 Rd7 29. Nxb4 axb4 30. Rxb4 Rxe2 31. Ra1 Be4 32. f3 Bc6 33. Kf1 Rdd2 34. Ra8+
Kh7 35. c5 Rxg2 36. Rg4 Bxf3 37. Rxg2 Bxg2+ 38. Ke1 Rc2 39. Rc8 Bxh3 40. Rc7 Bg2
41. Kd1 Rf2 42. Ke1 Rf6 43. Rd7 h5 44. Rd6 Rxd6 45. cxd6 Bc6 46. Ke2 h4 47. Kf2
g5 48. Kg1 f5 0-1

[Event "Challenge"]
[Site "http://www.queenalice.com/game.php?id=1842694"]
[Date "2024.8.28"]
[Round "-"]
[White "Mr_SPOCK"]
[Black "altair"]
[Result "0-1"]
[WhiteElo "1638"]
[BlackElo "1775"]

1. e4 e5 2. d4 Nc6 3. d5 Nce7 4. Nc3 d6 5. Bg5 h6 6. Be3 Nf6 7. Bb5+ Bd7 8. Qd3
a6 9. Ba4 Ng6 10. Nge2 c5 11. dxc6 Bxc6 12. Bb3 Be7 13. h4 Nh5 14. Ng3 Ngf4 15.
Bxf4 Nxf4 16. Qf3 O-O 17. O-O-O Bxh4 18. Qg4 Bg5 19. Kb1 Bd7 20. Nf5 Bxf5 21.
exf5 g6 22. fxg6 Nxg6 23. Qf5 Kg7 24. Ne4 a5 25. Rxd6 Qc7 26. Qh3 Rh8 27. Rd5
Nf4 28. Qg4 Nxd5 29. Bxd5 Rad8 30. c4 b5 31. Qf5 bxc4 32. Nc3 a4 33. g3 a3 34.
f4 exf4 35. Nb5 Qd7 36. Nd6 Qxf5+ 37. Nxf5+ Kf6 38. Be4 Rb8 39. b3 cxb3 40. Kc1
bxa2 41. Kc2 Rhc8+ 42. Kd3 Rb1 43. Nxh6 Rxh1 44. Ng4+ Ke7 45. Bxh1 fxg3 46. Bd5
a1=Q 47. Ke4 Qb1+ 48. Ke5 a2 49. Bxa2 Qxa2 50. Kf5 Rc5+ 51. Ne5 f6 52. Kg6 Qg8+
53. Kf5 Rxe5+ 54. Kg4 Bd2+ 55. Kf3 Qd5+ 56. Kg4 Qe4+ 57. Kxg3 Be1+ 58. Kh2 Rh5+
59. Kg1 Qh1# 0-1

[Event "Challenge"]
[Site "http://www.queenalice.com/game.php?id=1842706"]
[Date "2024.8.29"]
[Round "-"]
[White "jogo"]
[Black "altair"]
[Result "1-0"]
[WhiteElo "1689"]
[BlackElo "1772"]

1. e4 e5 2. d4 Nc6 3. d5 Nce7 4. d6 Nc6 5. dxc7 Qxc7 6. Bc4 Nf6 7. f3 h6 8. a3
Be7 9. Be3 O-O 10. Nc3 a6 11. Qd2 b5 12. Ba2 Bb7 13. O-O-O Na7 14. g4 a5 15.
Bxa7 b4 16. Nb5 Qc6 17. a4 Ba6 18. Be3 Bxb5 19. axb5 Qxb5 20. Qd3 Qa4 21. Kb1
Rfc8 22. Qb3 Qxb3 23. Bxb3 a4 24. Bd5 Rab8 25. g5 hxg5 26. Ba7 Rb5 27. Ne2 Nxd5
28. Rxd5 Rb7 29. Bf2 f6 30. Rhd1 d6 31. Ng3 b3 32. R1d2 Rc6 33. c3 Ra6 34. Nf5
a3 35. Nxe7+ Rxe7 36. Rxd6 Rb7 37. Rxa6 a2+ 38. Ka1 Kh7 39. Rb6 Re7 40. Bc5 Rf7
41. Rxb3 f5 42. exf5 Rxf5 43. Rf2 e4 44. Bd4 exf3 45. Rb7 g4 46. Rxg7+ Kh6 47.
Rxg4 1-0

[Event "Challenge"]
[Site "http://www.queenalice.com/game.php?id=1842768"]
[Date "2024.8.31"]
[Round "-"]
[White "jogo"]
[Black "altair"]
[Result "1-0"]
[WhiteElo "1754"]
[BlackElo "1841"]

1. e4 e5 2. d4 Nc6 3. d5 Nce7 4. Bc4 d6 5. f4 g6 6. fxe5 dxe5 7. Qf3 Bg7 8. d6
Nf6 9. dxe7 Qxe7 10. Nc3 O-O 11. h3 a6 12. g4 b5 13. Nd5 Qd8 14. Nxf6+ Bxf6 15.
Bh6 Re8 16. Rd1 Bh4+ 17. Ke2 Qe7 18. Bb3 c5 19. Rf1 c4 20. a4 cxb3 21. Qxb3 Ra7
22. axb5 axb5 23. Nf3 Bg3 24. Ng5 Be6 25. Qxg3 Bc4+ 26. Ke1 Bxf1 27. Rxf1 Qb4+
28. Qc3 Qxc3+ 29. bxc3 Rc8 30. Kd2 Rd8+ 31. Ke3 Rb7 32. Nf3 f6 33. Ke2 Rbd7 34.
Ne1 Kf7 35. Nd3 g5 36. Nxe5+ Ke7 37. Nxd7 Rxd7 38. h4 gxh4 39. Rh1 Ke6 40. Rxh4
Ke5 41. Ke3 Rc7 42. Bf4+ 1-0

[Event "Challenge"]
[Site "http://www.queenalice.com/game.php?id=1842769"]
[Date "2024.8.31"]
[Round "-"]
[White "altair"]
[Black "jogo"]
[Result "1-0"]
[WhiteElo "1727"]
[BlackElo "1722"]

1. e4 e5 2. Nf3 Nf6 3. d3 d6 4. h3 h6 5. Be2 Be7 6. O-O O-O 7. Nc3 c6 8. b3 b5
9. Bb2 b4 10. Nb1 c5 11. c3 Nc6 12. cxb4 cxb4 13. Nbd2 a5 14. d4 exd4 15. Bxd4
Nxd4 16. Nxd4 Bb7 17. f3 Qb6 18. Nc4 Qxd4+ 19. Qxd4 Rfd8 20. Ne3 Ne8 21. Nf5 Bf6
22. Qb6 Bxa1 23. Rxa1 Rdb8 24. Nxd6 Nxd6 25. Qxd6 Rd8 26. Qe7 Rab8 27. Bc4 Rf8
28. Rd1 Bc8 29. Rd8 Be6 30. Rxf8+ Rxf8 31. Bxe6 fxe6 32. Qxe6+ Rf7 33. Qa6 1-0

[Event "Challenge"]
[Site "http://www.queenalice.com/game.php?id=1842977"]
[Date "2024.9.3"]
[Round "-"]
[White "jogo"]
[Black "altair"]
[Result "1-0"]
[WhiteElo "1681"]
[BlackElo "1719"]

1. e4 e5 2. d4 Nc6 3. d5 Nce7 4. Bc4 d6 5. f4 Nf6 6. fxe5 dxe5 7. Nc3 h6 8. h3
b6 9. Bb5+ Bd7 10. Qe2 Ng6 11. Bxd7+ Qxd7 12. a3 Bd6 13. Bd2 O-O 14. O-O-O c6
15. Nf3 cxd5 16. Nxd5 Nxd5 17. exd5 Rae8 18. h4 Ne7 19. Nxe5 Bxe5 20. Qxe5 Ng6
21. Qg3 Rc8 22. h5 Ne7 23. Bc3 Nf5 24. Qg4 Kh7 25. Rhf1 g6 26. hxg6+ fxg6 27.
Rh1 h5 28. Qh3 Qf7 29. g4 Nd6 30. gxh5 g5 31. h6 Qf4+ 32. Bd2 Qe5 33. Bc3 Qf4+
34. Bd2 Qc4 35. Bc3 Ne4 36. Rd4 Qe2 37. Re1 Nf2 38. Qd7+ 1-0

[Event "Challenge"]
[Site "http://www.queenalice.com/game.php?id=1842978"]
[Date "2024.9.3"]
[Round "-"]
[White "altair"]
[Black "jogo"]
[Result "1-0"]
[WhiteElo "1735"]
[BlackElo "1706"]

1. e4 e5 2. Nf3 Nf6 3. d3 d6 4. h3 h6 5. Be2 Be7 6. O-O O-O 7. Nc3 c6 8. b3 b5
9. b4 Be6 10. Bd2 a6 11. a4 Nbd7 12. axb5 axb5 13. Na2 Bxa2 14. c4 bxc4 15. dxc4
d5 16. exd5 cxd5 17. cxd5 Bxd5 18. Bc3 Rxa1 19. Qxa1 e4 20. Nd4 Qa8 21. Qb2 Rc8
22. Rc1 Qa2 23. Nf5 Bf8 24. Qxa2 Bxa2 25. b5 Nd5 26. Bb2 Rxc1+ 27. Bxc1 Kh7 28.
Be3 Nxe3 29. Nxe3 Bc5 30. Nc4 Bxc4 31. Bxc4 Ne5 32. Bd5 e3 33. fxe3 Bxe3+ 34.
Kf1 Nd7 35. Ke2 Bb6 36. Kd3 Ne5+ 37. Ke4 f6 38. g4 Kg6 39. h4 Nxg4 40. Kf4 Ne5
41. Be6 Kh5 42. Kg3 Bc7 43. Bb3 Ng6+ 44. Kh3 Nf4+ 45. Kg3 Ne2+ 46. Kh3 Nd4 47.
Bf7+ g6 48. Bd5 g5 49. Bf7# 1-0

[Event "IDECAN"]
[Site "http://www.queenalice.com/game.php?id=1843287"]
[Date "2024.9.6"]
[Round "-"]
[White "zubarev"]
[Black "altair"]
[Result "1-0"]
[WhiteElo "1954"]
[BlackElo "1762"]

1. e4 e5 2. f4 d6 3. Bc4 Nf6 4. Nc3 a5 5. Nf3 h6 6. O-O Be7 7. d3 c6 8. Be3 b5
9. fxe5 dxe5 10. Bxf7+ Kxf7 11. Qe1 Rf8 12. Nxe5+ Kg8 13. d4 Bb7 14. Ng6 Re8 15.
Qf2 Nbd7 16. e5 Ng4 17. Qf7+ Kh7 18. Nxe7 Rxe7 19. Qf5+ Kh8 20. Qxg4 Bc8 21. Qf3
Re8 22. Qxc6 Ba6 23. Rf2 b4 24. Nd5 Re6 25. Qxe6 Nf8 26. Qc6 Qb8 27. Bf4 Bb7 28.
Qc5 Ne6 29. Qc4 Qd8 30. Ne3 Qe7 31. d5 Rc8 32. dxe6 Rxc4 33. Nxc4 Qc7 34. Nd6
Bd5 35. e7 Qxe7 36. Bg3 a4 37. b3 axb3 38. axb3 Bg8 39. Nf5 Qc5 40. Kf1 Bh7 41.
Ra8+ Bg8 42. Rd2 Kh7 43. Rad8 Be6 44. Nh4 g5 45. Nf3 Bf5 46. Nd4 Be4 47. Rd7+
Kg6 48. e6 Qf8+ 49. Rf7 Qe8 50. Be5 Bd5 51. g4 Bxe6 52. Rf6+ Kh7 53. Rxe6 Qf7+
54. Rf2 Qa7 55. Rff6 Qa1+ 56. Kg2 Qd1 57. Rxh6+ Kg8 58. Reg6+ Kf7 59. Rg7+ 1-0

[Event " IDECAN e SELECON"]
[Site "http://www.queenalice.com/game.php?id=1843288"]
[Date "2024.9.6"]
[Round "-"]
[White "altair"]
[Black "zubarev"]
[Result "0-1"]
[WhiteElo "1753"]
[BlackElo "1829"]

1. e4 e5 2. d3 Nf6 3. h3 Nc6 4. a3 d6 5. Nf3 Be6 6. Be2 Be7 7. O-O O-O 8. Nc3 d5
9. exd5 Nxd5 10. Nxd5 Bxd5 11. c4 Be6 12. b4 f6 13. b5 Nb8 14. Bb2 Nd7 15. d4 e4
16. Nd2 f5 17. Nb3 Nf6 18. d5 Bf7 19. Na5 c6 20. Bc3 cxd5 21. cxd5 Bxd5 22. Qc2
Bd6 23. Rad1 f4 24. Bxf6 Rxf6 25. Rxd5 Qxa5 26. a4 f3 27. Bc4 Kh8 28. g3 Re8 29.
Rfd1 Bf8 30. Re1 Qxe1+ 31. Bf1 b6 32. Rd7 e3 33. fxe3 Qxg3+ 34. Bg2 fxg2 35.
Qxg2 Qxg2+ 36. Kxg2 Rxe3 37. Rxa7 Kg8 38. a5 bxa5 39. Rxa5 Ra3 0-1

[Event "Challenge"]
[Site "http://www.queenalice.com/game.php?id=1843441"]
[Date "2024.9.10"]
[Round "-"]
[White "jogo"]
[Black "altair"]
[Result "0-1"]
[WhiteElo "1678"]
[BlackElo "1707"]

1. e4 e5 2. d4 Nc6 3. d5 Nce7 4. Bc4 d6 5. Bb5+ Bd7 6. Bxd7+ Qxd7 7. c4 h6 8.
Nc3 Nf6 9. h3 Ng6 10. f3 a6 11. Be3 b5 12. b3 Be7 13. Qd3 bxc4 14. bxc4 Nf4 15.
Bxf4 exf4 16. Qd2 c6 17. O-O-O Bd8 18. Qxf4 O-O 19. Nge2 Ne8 20. h4 g5 21. Qg4
Qb7 22. hxg5 Bxg5+ 23. f4 Rb8 24. Rd2 Nf6 25. Qg3 Nxe4 26. Qd3 Nxd2 27. Qxd2 Bf6
28. Qc2 cxd5 29. Nxd5 Bg7 30. Nec3 Rfe8 31. f5 f6 32. g4 Rbc8 33. Qb3 Qc6 34.
Rd1 Qxc4 35. Qxc4 Rxc4 36. Rg1 Kf7 37. Kc2 Re5 38. Kb3 Rd4 39. Nc7 Re3 40. Nxa6
Rdd3 41. Rc1 d5 42. Nb4 Rd2 43. Nxd5 Rxd5 44. Kc2 Rc5 45. Kb2 Rg3 46. Ne4 Rg2+
47. Kb1 Rxc1+ 48. Kxc1 Rxg4 0-1

[Event "Challenge"]
[Site "http://www.queenalice.com/game.php?id=1843442"]
[Date "2024.9.10"]
[Round "-"]
[White "altair"]
[Black "jogo"]
[Result "0-1"]
[WhiteElo "1773"]
[BlackElo "1780"]

1. e4 e5 2. d3 h6 3. a3 d5 4. Nc3 d4 5. Nce2 Bg4 6. h3 Bc8 7. Nf3 Bd6 8. Ng3 Nf6
9. Be2 O-O 10. O-O c5 11. c3 Nc6 12. cxd4 cxd4 13. b4 a6 14. Bd2 Be6 15. Qc1 Nd7
16. Rb1 Rc8 17. a4 Nxb4 18. Qb2 Rc2 19. Qa3 a5 20. Bd1 Ra2 21. Qc1 Nxd3 22. Bxh6
Nxc1 23. Rxc1 gxh6 24. Nf5 Bxf5 25. exf5 Qb6 26. g4 e4 27. Nh2 Qb2 28. Bc2 Bf4
29. Rb1 Qxc2 30. Rxb7 Rd8 0-1

[Event "manuelmartins1391 17:52"]
[Site "http://www.queenalice.com/game.php?id=1843659"]
[Date "2024.9.13"]
[Round "-"]
[White "zubarev"]
[Black "altair"]
[Result "1-0"]
[WhiteElo "1854"]
[BlackElo "1740"]

1. d4 d5 2. Nc3 e6 3. Nf3 h6 4. e3 a6 5. Bd3 Nf6 6. O-O Bd6 7. Ne5 Bxe5 8. dxe5
Nfd7 9. f4 O-O 10. Qf3 Nc6 11. Bd2 b5 12. Ne2 Bb7 13. Ng3 f6 14. e4 fxe5 15. a3
Nd4 16. Qf2 dxe4 17. Bxe4 Bxe4 18. Nxe4 Nxc2 19. Rac1 Nd4 20. Be3 Nb3 21. Rc2
exf4 22. Bd2 e5 23. Bc3 c5 24. Rd1 c4 25. Bxe5 Qe7 26. Bd6 Qxe4 27. Re2 Qf5 28.
Bxf8 Nxf8 29. Rd6 Nh7 30. h3 Qg6 31. Rxg6 1-0

[Event "Challenge"]
[Site "http://www.queenalice.com/game.php?id=1843729"]
[Date "2024.9.13"]
[Round "-"]
[White "altair"]
[Black "Mr_SPOCK"]
[Result "0-1"]
[WhiteElo "1741"]
[BlackElo "1594"]

1. e4 e5 2. Nf3 Nc6 3. a3 Nf6 4. d3 Bc5 5. h3 d5 6. exd5 Nxd5 7. Be2 Qf6 8. O-O
Qg6 9. Nh4 Qf6 10. c3 Qxh4 11. Bg4 O-O 12. Bxc8 Raxc8 13. Nd2 Nf4 14. Nf3 Qg3
15. Bxf4 exf4 16. d4 Qg6 17. dxc5 Rcd8 18. Qc1 Qf5 19. b4 b6 20. cxb6 cxb6 21.
c4 Rd6 22. c5 Rg6 23. Nh4 Qg5 24. Nxg6 hxg6 25. cxb6 Ne5 26. bxa7 Nf3+ 27. Kh1
Nd4 28. Qc4 Nf5 29. Rac1 Nh4 30. Qc6 f3 31. g3 Nf5 32. a8=Q Rxa8 33. Qxa8+ Kh7
34. Rc8 Nxg3+ 35. Kg1 Ne2+ 36. Kh2 Qg2# 0-1

[Event "18 Set 2024 11:06"]
[Site "http://www.queenalice.com/game.php?id=1843929"]
[Date "2024.9.18"]
[Round "-"]
[White "zubarev"]
[Black "altair"]
[Result "1-0"]
[WhiteElo "1866"]
[BlackElo "1774"]

1. e4 e5 2. f4 d6 3. Nf3 Nc6 4. Nc3 a6 5. d3 h6 6. Be2 Nf6 7. O-O Be7 8. fxe5
dxe5 9. Be3 O-O 10. d4 exd4 11. Nxd4 Bd7 12. Qe1 Bb4 13. Bf3 Ne5 14. a3 Ba5 15.
Qg3 Kh7 16. Qxe5 Bxc3 17. bxc3 Re8 18. Qf4 c5 19. Nf5 b6 20. e5 Ng8 21. Nd6 Rf8
22. Be4+ g6 23. Bxa8 Be6 24. Be4 f5 25. Bd3 Qc7 26. Bxa6 Ne7 27. Qxh6+ Kg8 28.
Bg5 Bf7 29. Bf6 1-0

[Event "ga Quảng Ngãi 11:15"]
[Site "http://www.queenalice.com/game.php?id=1843931"]
[Date "2024.9.18"]
[Round "-"]
[White "zubarev"]
[Black "altair"]
[Result "0-1"]
[WhiteElo "1908"]
[BlackElo "1752"]

1. d4 d5 2. Nc3 e6 3. Nf3 h6 4. e3 Nf6 5. Bd3 b6 6. O-O Be7 7. Ne5 O-O 8. f4 Bb7
9. Qf3 Nbd7 10. Bd2 c5 11. Be2 cxd4 12. exd4 a6 13. f5 b5 14. a3 Nxe5 15. dxe5
Nd7 16. f6 gxf6 17. Bxh6 Nxe5 18. Qg3+ Ng6 19. Bxf8 Qxf8 20. Bh5 Qg7 21. Bxg6
fxg6 22. Qc7 Bc8 23. Ne2 Bf8 24. Qf4 f5 25. Rad1 Bb7 26. c3 Rd8 27. Rfe1 Qh7 28.
Nd4 Bd6 29. Re5 Bxe5 30. Qxe5 Bc8 31. Nxe6 Re8 32. Qb8 Qe7 33. Nf4 Qe3+ 34. Kh1
Bd7 35. Qd6 Qe1+ 0-1

[Event "AUTO-ADV-4814"]
[Site "http://www.queenalice.com/game.php?id=1844043"]
[Date "2024.9.21"]
[Round "1"]
[White "altair"]
[Black "askasl159"]
[Result "0-1"]
[WhiteElo "1735"]
[BlackElo "1935"]

1. e4 e5 2. Nf3 Nc6 3. a3 Nf6 4. d3 Bc5 5. h3 h6 6. Be2 O-O 7. O-O d5 8. exd5
Nxd5 9. c4 Nf4 10. Bxf4 exf4 11. b4 Bd4 12. Nxd4 Nxd4 13. Nc3 c6 14. Bf3 c5 15.
Ne4 cxb4 16. axb4 Be6 17. Nc5 a6 18. Bxb7 Ra7 19. Bxa6 Qc7 20. f3 Qb6 21. b5
Qxc5 22. Qc1 Ne2+ 0-1

[Event "AUTO-ADV-4814"]
[Site "http://www.queenalice.com/game.php?id=1844044"]
[Date "2024.9.21"]
[Round "1"]
[White "askasl159"]
[Black "altair"]
[Result "1-0"]
[WhiteElo "1931"]
[BlackElo "1743"]

1. e4 e5 2. f4 Nc6 3. Nf3 d6 4. h3 h6 5. Bc4 Be7 6. fxe5 dxe5 7. Nc3 Nf6 8. b3
O-O 9. Bb2 b6 10. Qe2 Bb7 11. O-O Nh5 12. Rf2 Bc5 13. Nd5 Bxf2+ 14. Kxf2 Nf4 15.
Nxf4 exf4 16. d4 Re8 17. d5 Nb4 18. Ne5 c6 19. dxc6 Bxc6 20. Bxf7+ Kh8 21. Nxc6
Qh4+ 22. Kg1 f3 23. Qxf3 Rxe4 24. Nxb4 Rf8 25. Qh5 Re1+ 26. Rxe1 Qxe1+ 27. Kh2
Qxb4 28. Qxh6# 1-0

[Event "Challenge"]
[Site "http://www.queenalice.com/game.php?id=1844261"]
[Date "2024.9.25"]
[Round "-"]
[White "altair"]
[Black "Mr_SPOCK"]
[Result "1-0"]
[WhiteElo "1754"]
[BlackElo "1774"]

1. e4 e5 2. Nf3 Nc6 3. a3 Nf6 4. d3 Bc5 5. h3 d5 6. Nc3 d4 7. Ne2 a5 8. b3 b5 9.
Bb2 a4 10. b4 Nxb4 11. axb4 Bxb4+ 12. c3 dxc3 13. Bxc3 Bd6 14. Ng3 b4 15. Bxe5
Bxe5 16. Nxe5 Qd4 17. Nc4 Bd7 18. Be2 O-O 19. O-O Qc5 20. Nf5 Nh5 21. Rc1 b3 22.
Ra1 Bxf5 23. exf5 Nf6 24. Na3 b2 25. Ra2 Qb4 26. Qb1 Qc5 27. Qxb2 Qxf5 28. Nc4
h5 29. Qc2 h4 30. Rxa4 Rxa4 31. Qxa4 c5 32. Nd6 Qe6 33. Ne4 Nd5 34. Re1 Nf4 35.
Nxc5 Qc8 36. Qxf4 Qxc5 37. Qxh4 Qc3 38. Rd1 Re8 39. Bf3 Re1+ 40. Rxe1 Qxe1+ 41.
Kh2 f6 42. Be4 Kf7 43. Qh5+ Ke7 44. Qc5+ Kf7 45. Bd5+ Kg6 46. Be4+ Kh6 47. Qe3+
g5 48. Qxe1 Kh5 49. Qe2+ Kh6 50. Bf3 Kg6 51. Qe8+ Kf5 52. g4+ Kf4 53. Qe4# 1-0